Industrial hydraulics (Record no. 7178)

000 -LEADER
fixed length control field 00551nam a2200205 i 4500
001 - CONTROL NUMBER
control field 7178
003 - CONTROL NUMBER IDENTIFIER
control field BD-DhUET
008 - FIXED-LENGTH DATA ELEMENTS--GENERAL INFORMATION
fixed length control field 780705s1979 nyua 001 0 eng
020 ## - INTERNATIONAL STANDARD BOOK NUMBER
International Standard Book Number 070664773
040 ## - CATALOGING SOURCE
Original cataloging agency DLC
Transcribing agency DLC
Modifying agency BD-DhUET
082 00 - DEWEY DECIMAL CLASSIFICATION NUMBER
Classification number 621.2
Item number PIP/1980
100 1# - MAIN ENTRY--PERSONAL NAME
Personal name Pippenger, John J.
245 10 - TITLE STATEMENT
Title Industrial hydraulics
Statement of responsibility, etc. by John J. Pippenger and Tyler G. Hicks
250 ## - EDITION STATEMENT
Edition statement 3d ed.
260 ## - PUBLICATION, DISTRIBUTION, ETC. (IMPRINT)
Place of publication, distribution, etc. New York
Name of publisher, distributor, etc. McGraw-Hill
Date of publication, distribution, etc. 1980
300 ## - PHYSICAL DESCRIPTION
Extent vi, 440 p.
Other physical details ill.
Dimensions 25 cm.
650 #0 - SUBJECT ADDED ENTRY--TOPICAL TERM
Topical term or geographic name as entry element Hydraulic machinery
700 ## - ADDED ENTRY--PERSONAL NAME
Personal name Hicks, Tyler G.
942 ## - ADDED ENTRY ELEMENTS (KOHA)
Koha item type General Book
Holdings
Shelving location Koha item type Date acquired Price effective from Piece designation (barcode) Koha date last seen Koha full call number Lost status Copy number Damaged status Source of classification or shelving scheme Not for loan Withdrawn status Sublocation or collection (holding branch) Koha normalized classification for sorting Location (home branch)
Circulation sectionContented Book 2014-12-072014-12-07597702014-12-07621.2 /PIP/1980 4    Central Library, BUET621_200000000000000_PIP1980Central Library, BUET
Circulation sectionContented Book 2014-12-072014-12-07597712014-12-07621.2 /PIP/1980 5    Central Library, BUET621_200000000000000_PIP1980Central Library, BUET
Circulation sectionContented Book 2014-12-072014-12-07597722014-12-07621.2 /PIP/1980 6    Central Library, BUET621_200000000000000_PIP1980Central Library, BUET
Circulation sectionContented Book 2014-12-072014-12-07567692014-12-07621.2 /PIP/1980 1    Central Library, BUET621_200000000000000_PIP1980Central Library, BUET
Circulation sectionContented Book 2014-12-072014-12-07597732014-12-07621.2 /PIP/1980 7    Central Library, BUET621_200000000000000_PIP1980Central Library, BUET
Circulation sectionContented Book 2014-12-072014-12-07597762014-12-07621.2 /PIP/1980 10    Central Library, BUET621_200000000000000_PIP1980Central Library, BUET
Circulation sectionContented Book 2014-12-072014-12-07567702014-12-07621.2 /PIP/1980 2    Central Library, BUET621_200000000000000_PIP1980Central Library, BUET
Circulation sectionContented Book 2014-12-072014-12-07597752014-12-07621.2 /PIP/1980 9    Central Library, BUET621_200000000000000_PIP1980Central Library, BUET
Circulation sectionContented Book 2014-12-072014-12-07597692014-12-07621.2 /PIP/1980 9    Central Library, BUET621_200000000000000_PIP1980Central Library, BUET
Circulation sectionContented Book 2014-12-072014-12-07597772014-12-07621.2 /PIP/1980 11    Central Library, BUET621_200000000000000_PIP1980Central Library, BUET
Reading sectionReading Item2015-06-162015-06-16597782015-06-16621.2/PIP/1980 12    Central Library, BUET621_200000000000000_PIP_1980Central Library, BUET